|
|
|
|
| LEADER |
00968nam a2200313 4500 |
| 001 |
DLU190190656 |
| 005 |
##20190423 |
| 040 |
# |
# |
|a DLU
|b vie
|
| 041 |
# |
# |
|a vie
|
| 044 |
# |
# |
|a vn
|
| 100 |
# |
# |
|a Ha Danh Duc.
|
| 245 |
# |
# |
|a Degradation of leaves and cellulose by Bacillus subtilis CL3 and Pseudomonas aeruginosa CL5 isolated from left waste dumps in Vietnam /
|c Ha Danh Duc.
|
| 653 |
# |
# |
|a 1,8-cineole
|
| 653 |
# |
# |
|a Bacillus subtilis CL3
|
| 653 |
# |
# |
|a Degradation
|
| 653 |
# |
# |
|a Eucalyptus terticornis
|
| 653 |
# |
# |
|a Khaya senegalensisi
|
| 653 |
# |
# |
|a Pseudomonas aeruginosa CL5
|
| 653 |
# |
# |
|a Terminalia catappa
|
| 773 |
# |
# |
|t Tạp chí Sinh học
|g Số 4, 2017, tr. 483-489
|
| 920 |
# |
# |
|a Phòng Sau đại học -- Trung tâm Thông tin - Thư viện Trường Đại học Đà Lạt
|
| 994 |
# |
# |
|a DLU
|
| 900 |
# |
# |
|a True
|
| 911 |
# |
# |
|a Hoàng Thị Huyền
|
| 925 |
# |
# |
|a G
|
| 926 |
# |
# |
|a A
|
| 927 |
# |
# |
|a BB
|
| 980 |
# |
# |
|a Thư viện Trường Đại học Đà Lạt
|